Las Ciencias de la documentación : bibliotecología, archivología, documentación e información / Emilia Currás bibliotecología, archivología, documentación e información / Emilia Currás
Descripción Física:
240 p. ; 22 cm
Otros Autores:
Coll-Vinent, Roberto
Materias:
Documentació
MARC
| LEADER | 00000nam a2200000Ia 4500 | ||
|---|---|---|---|
| 001 | 2266 | ||
| 008 | 160829s1982 xx 000 0 cat d | ||
| 080 | |a A-1-326 | ||
| 100 | |a Currás Puente, Emilia |9 24428 | ||
| 245 | |a Las Ciencias de la documentación : |b bibliotecología, archivología, documentación e información / Emilia Currás | ||
| 260 | |a Barcelona : |b Mitre, |c 1982 | ||
| 300 | |a 240 p. ; |c 22 cm | ||
| 490 | |a Textos de informática y documentación / colección dirigida por Roberto Coll-Vinent | ||
| 650 | |a Documentació |9 24429 | ||
| 700 | |a Coll-Vinent, Roberto |9 24430 | ||
| 901 | |a Arxiu | ||
| 942 | |n 1 | ||
| 952 | |0 0 |1 0 |4 0 |6 A1326 |7 1 |9 43151 |a Arxiu |b Arxiu |d 2016-12-01 |l 0 |o A-1-326 |p 2266 |r 2016-12-01 00:00:00 |w 2016-12-01 |y ARXIU | ||
| 999 | |c 45695 |d 45695 | ||